The Quarreling kites (Record no. 13833)

000 -LEADER
fixed length control field 00903nam a2200217 4500
020 ## - ISBN
ISBN 9739716301227
082 ## - DEWEY DECIMAL CLASSIFICATION NUMBER
Classification number Fil. 899.2113 F6345q 2020
100 ## - MAIN ENTRY--PERSONAL NAME
Personal name Flores, Lin Acacio
245 ## - TITLE STATEMENT
Title The Quarreling kites
Statement of responsibility, etc. written by: Lin Acacio Flores ; illustrated by: Hermes Alegre
260 ## - PUBLICATION, DISTRIBUTION, ETC. (IMPRINT)
Place of publication, distribution, etc. Manila
Name of publisher, distributor, etc. Tahanan Books for Young Readers
Date of publication, distribution, etc. c2000
300 ## - PHYSICAL DESCRIPTION
Extent/Page number 32 pages
Other physical details col. ill.
520 ## - SUMMARY, ETC.
Summary, etc. The story follows the "quarreling" adventures of two kites—one big and one small—flown by a father and son on golden afternoons. It explores themes of camaraderie, rivalry, and the unspoken bond of love between parent and child.
526 ## - STUDY PROGRAM INFORMATION NOTE
PROGRAM TYPE FILIPINIANA
650 ## - SUBJECT ADDED ENTRY--TOPICAL TERM
Topical term or geographic name as entry element Kites—Fiction
650 ## - SUBJECT ADDED ENTRY--TOPICAL TERM
Topical term or geographic name as entry element Fathers and sons—Fiction
650 ## - SUBJECT ADDED ENTRY--TOPICAL TERM
Topical term or geographic name as entry element Competition (Psychology)—Fiction
650 ## - SUBJECT ADDED ENTRY--TOPICAL TERM
Topical term or geographic name as entry element Philippine fiction (English).
650 ## - SUBJECT ADDED ENTRY--TOPICAL TERM
Topical term or geographic name as entry element Friendship -- Fiction
700 ## - ADDED ENTRY--PERSONAL NAME/OTHER AUTHORS
Personal name Alegre, Hermes
942 ## - ADDED ENTRY ELEMENTS
Classification
Item type Book
Holdings
Withdrawn status Lost status Source of classification or shelving scheme Damaged status Not for loan Collection code Permanent Location Current Location Shelving location Date acquired Source of acquisition Total Checkouts Full call number Barcode Date last seen Date last checked out Price effective from Item type
          Filipiniana Grade School Library Grade School Library   2025-02-04 Budget 1 Fil. 899.2113 F6345q 2020 GS3708 2026-02-05 2026-02-04 2026-02-04 Book